ខ្លាឃ្មុំនិងដើមពង្រ : (Record no. 8112)

MARC details
000 -LEADER
fixed length control field 01998nam a22003017a 4500
001 - CONTROL NUMBER
control field 8112
003 - CONTROL NUMBER IDENTIFIER
control field FISKH
005 - DATE AND TIME OF LATEST TRANSACTION
control field 20250827103743.0
008 - FIXED-LENGTH DATA ELEMENTS--GENERAL INFORMATION
fixed length control field 250825b cb ||||| |||| 00| 0 eng d
020 ## - INTERNATIONAL STANDARD BOOK NUMBER
International Standard Book Number 9789996333101
040 ## - CATALOGING SOURCE
Original cataloging agency FISKH
Language of cataloging khr
Transcribing agency FISKH
Modifying agency FISKH
050 ## - LIBRARY OF CONGRESS CALL NUMBER
Classification number PZ7
082 ## - DEWEY DECIMAL CLASSIFICATION NUMBER
Classification number 590
100 ## - MAIN ENTRY--PERSONAL NAME
Personal name Thaily, Ly
245 ## - TITLE STATEMENT
Title ខ្លាឃ្មុំនិងដើមពង្រ :
Remainder of title The bear and the pongro tree /
Statement of responsibility, etc. រៀបរៀងដោយ លី ថៃលី ,​ វិចិត្រកររូបភាពដោយ ថៃ សាន្ត
260 ## - PUBLICATION, DISTRIBUTION, ETC.
Place of publication, distribution, etc. ភ្នំពេញ :
Name of publisher, distributor, etc. រោងពុម្ព ពេជ្រ ណែត ,
300 ## - PHYSICAL DESCRIPTION
Extent 20 pages :
Other physical details color illustrations ;
Dimensions 25 cm .
505 ## - FORMATTED CONTENTS NOTE
Formatted contents note M <br/>
520 ## - SUMMARY, ETC.
Summary, etc. ខ្លាឃ្មុំបានដើរកាត់ដើមពង្រមួយក៏សំងំដេកយកកម្លាំង។ វាយល់សប្តិឃើញផ្លែពង្រធ្លាក់លើក្បាលវា​ វាខឹងយ៉ាងខ្លាំង វាក៏មានបំណងរំលើងដើមពង្រនេះចោល ។ វាក៏ញុះញុងអោយកសិករកាប់ដើមពង្រ តែអកុសល កសិករ​ ក៏សម្លាប់ខ្លាឃ្មុំទៅ ។​
520 ## - SUMMARY, ETC.
Summary, etc. A bear was walking past a Pongro tree and decided to lie down to rest. As it slept, it dreamed that a Pongro fruit fell on its head. It became very angry and wanted to destroy the Pongro tree. So, it urged a farmer to cut down the tree. Unfortunately, the farmer ended up killing the bear instead.
521 8# - TARGET AUDIENCE NOTE
Target audience note 550 <br/>
Source Lexile estimate <br/>
521 8# - TARGET AUDIENCE NOTE
Target audience note M <br/>
Source Raz-Plus <br/>
650 ## - SUBJECT ADDED ENTRY--TOPICAL TERM
Topical term or geographic name entry element ខ្លាឃ្មុំនិងដើមពង្រ
Form subdivision រឿងនិទានកុមារ​
650 ## - SUBJECT ADDED ENTRY--TOPICAL TERM
Topical term or geographic name entry element The bear and Pongor tree
Form subdivision Children's stories
700 ## - ADDED ENTRY--PERSONAL NAME
Personal name San, Thai
Relator term Illustrator
942 ## - ADDED ENTRY ELEMENTS (KOHA)
Source of classification or shelving scheme Dewey Decimal Classification
Koha item type Khmer Books
Suppress in OPAC No
Holdings
Withdrawn status Lost status Source of classification or shelving scheme Damaged status Not for loan Collection Home library Current library Shelving location Date acquired Total Checkouts Full call number Barcode Date last seen Price effective from Koha item type
    Dewey Decimal Classification     Khmer-English Bilingual / ភាសាខ្មែរ-អង់គ្លេស Footprints International School Library Network Toul Tom Poung Campus Footprints International School Library Network Toul Tom Poung Campus TTP Primary Khmer Bookshelves 08/25/2025   THA PZ7 590 2025-4235 08/25/2025 08/25/2025 Khmer Books